000 00296nam a22001337a 4500
008 180824b xxu||||| |||| 00| 0 eng d
020 _a15552611
041 _aeng
080 _a621
100 _a26
101 _aENG
245 _aHOGARTH THE COMPLETE ENGRAVINGS
_cBURKE.J
942 _2udc
_cBK
999 _c47297
_d47297